[Event "Liberec Open 2018"]
[Site "Liberec CZE"]
[Date "2018.02.26"]
[Round "3.14"]
[White "Zochowski, Janusz"]
[Black "Hercik, Petr"]
[Result "1-0"]
[WhiteElo "1929"]
[BlackElo "1569"]
[PlyCount "41"]
[EventDate "2018.02.24"]
[EventCountry "CZE"]
[SourceTitle "Ajedrez en Madrid"]
[Source "lmi"]
[SourceDate "2018.02.24"]

1. e4 e6 2. d4 d5 3. Nc3 Nf6 4. Bg5 dxe4 5. Nxe4 Be7 6. Bxf6 Bxf6 7. Nf3 Nd7 8.
Bd3 Be7 9. Qe2 Nf6 10. c3 Rb8 11. Ne5 O-O 12. O-O-O Qd5 13. Kb1 Nxe4 14. Bxe4
Qd6 15. Qh5 g6 16. Bxg6 hxg6 17. Nxg6 fxg6 18. Qxg6+ Kh8 19. Rd3 e5 20. Qh5+
Kg7 21. Rg3+ 1-0

[Event "Liberec Open 2018"]
[Site "Liberec CZE"]
[Date "2018.02.26"]
[Round "3.15"]
[White "Aird, Ian"]
[Black "Mezykowska, Emilia"]
[Result "1/2-1/2"]
[WhiteElo "1828"]
[BlackElo "1260"]
[PlyCount "50"]
[EventDate "2018.02.24"]
[EventCountry "CZE"]
[SourceTitle "Ajedrez en Madrid"]
[Source "lmi"]
[SourceDate "2018.02.24"]

1. c4 e5 2. Nc3 Nf6 3. Nf3 Nc6 4. d4 exd4 5. Nxd4 Bb4 6. Bg5 h6 7. Bh4 d6 8. e3
Bd7 9. Bd3 Nxd4 10. exd4 Qe7+ 11. Qe2 Qxe2+ 12. Kxe2 g5 13. Bg3 Bxc3 14. bxc3
Nh5 15. f3 Nxg3+ 16. hxg3 O-O-O 17. Kd2 Rde8 18. Rae1 Rxe1 19. Kxe1 Be6 20. g4
c6 21. Kd2 Kc7 22. a3 b6 23. Kc2 Kd7 24. Kd2 Kc7 25. Kc2 Kd7 1/2-1/2

[Event "Liberec Open 2018"]
[Site "Liberec CZE"]
[Date "2018.02.26"]
[Round "3.16"]
[White "Hofman, Krystof"]
[Black "Brych, Tomas"]
[Result "1-0"]
[WhiteElo "1819"]
[BlackElo "1447"]
[PlyCount "53"]
[EventDate "2018.02.24"]
[EventCountry "CZE"]
[SourceTitle "Ajedrez en Madrid"]
[Source "lmi"]
[SourceDate "2018.02.24"]

1. Nf3 Nf6 2. g3 d5 3. Bg2 g6 4. O-O Bg7 5. d3 O-O 6. c4 dxc4 7. dxc4 c6 8. Nc3
Be6 9. Qa4 Nbd7 10. Rd1 Qc8 11. Be3 Ng4 12. Bd4 c5 13. Bxg7 Kxg7 14. b3 Nb6 15.
Qa3 Nf6 16. Ng5 Bd7 17. Nge4 Nxe4 18. Nxe4 Bc6 19. Qxc5 Nd7 20. Qd4+ Kg8 21.
Bh3 e6 22. Nd6 Qc7 23. b4 Nb6 24. b5 Bd7 25. c5 Nc8 26. Ne4 Bxb5 27. Nf6+ 1-0

[Event "Liberec Open 2018"]
[Site "Liberec CZE"]
[Date "2018.02.26"]
[Round "3.17"]
[White "Mraz, Pavel"]
[Black "Vetter, Udo"]
[Result "1/2-1/2"]
[WhiteElo "1597"]
[BlackElo "1454"]
[PlyCount "34"]
[EventDate "2018.02.24"]
[EventCountry "CZE"]
[SourceTitle "Ajedrez en Madrid"]
[Source "lmi"]
[SourceDate "2018.02.24"]

1. Nf3 d5 2. d4 Nf6 3. e3 g6 4. c4 c6 5. Nc3 Bg7 6. Be2 O-O 7. O-O a6 8. cxd5
cxd5 9. a4 Nc6 10. Qb3 Na5 11. Qb4 Re8 12. Bd2 b6 13. Qa3 Bg4 14. b4 Bxf3 15.
gxf3 Nc4 16. Qa2 Rc8 17. Rfc1 Nxd2 1/2-1/2

[Event "Liberec Open 2018"]
[Site "Liberec CZE"]
[Date "2018.02.26"]
[Round "3.18"]
[White "Krajinski, Lutz"]
[Black "Zeleny, Ondrej"]
[Result "1-0"]
[WhiteElo "1603"]
[BlackElo "1419"]
[PlyCount "63"]
[EventDate "2018.02.24"]
[EventCountry "CZE"]
[SourceTitle "Ajedrez en Madrid"]
[Source "lmi"]
[SourceDate "2018.02.24"]

1. d4 Nf6 2. Nf3 d5 3. c4 c6 4. e3 Bf5 5. Nc3 e6 6. a3 Bd6 7. b4 Nbd7 8. c5 Bc7
9. Nh4 Bg6 10. Bb2 O-O 11. Nxg6 hxg6 12. f4 Nh5 13. g3 g5 14. Qxh5 gxf4 15.
exf4 Nf6 16. Qf3 Re8 17. O-O-O a5 18. g4 g6 19. Bd3 Kf8 20. h4 Ke7 21. Rde1 Kd7
22. b5 Kc8 23. Na4 cxb5 24. Bxb5 Rh8 25. Nc3 b6 26. c6 Qe7 27. g5 Nh5 28. Nxd5
Qd6 29. Nxc7 Qxc7 30. d5 Nxf4 31. Be5 Qe7 32. d6 1-0

[Event "Liberec Open 2018"]
[Site "Liberec CZE"]
[Date "2018.02.26"]
[Round "3.20"]
[White "Stocek, Jiri"]
[Black "Krzyzosiak, Anna"]
[Result "0-1"]
[WhiteElo "1311"]
[BlackElo "1538"]
[PlyCount "48"]
[EventDate "2018.02.24"]
[EventCountry "CZE"]
[SourceTitle "Ajedrez en Madrid"]
[Source "lmi"]
[SourceDate "2018.02.24"]

1. c4 e5 2. Nc3 Nf6 3. g3 Nc6 4. Bg2 Bc5 5. e3 O-O 6. Nge2 d6 7. d4 exd4 8.
exd4 Bb6 9. d5 Ne5 10. Be3 Bxe3 11. fxe3 Nxc4 12. Qc1 Ne5 13. b3 Nd3+ 14. Kd2
Nxc1 15. Raxc1 a6 16. Kc2 Qe7 17. e4 Ng4 18. Kb1 Ne3 19. Rhg1 Nxg2 20. Rxg2 f5
21. g4 fxe4 22. g5 e3 23. Rcg1 Rf2 24. Rg3 Bf5+ 0-1

[Event "Liberec Open 2018"]
[Site "Liberec CZE"]
[Date "2018.02.27"]
[Round "4.1"]
[White "Wiley, Thomas"]
[Black "Plischki, Sebastian"]
[Result "0-1"]
[WhiteElo "2190"]
[BlackElo "2400"]
[PlyCount "70"]
[EventDate "2018.02.24"]
[EventCountry "CZE"]
[SourceTitle "Ajedrez en Madrid"]
[Source "lmi"]
[SourceDate "2018.02.24"]

1. d4 Nf6 2. c4 e6 3. Nc3 Bb4 4. e3 d5 5. a3 Bxc3+ 6. bxc3 c6 7. Nf3 O-O 8.
cxd5 cxd5 9. c4 b6 10. cxd5 Qxd5 11. Be2 Ba6 12. Bxa6 Nxa6 13. O-O Rac8 14. Ne5
Nb8 15. a4 Nc6 16. Ba3 Rfe8 17. Nxc6 Rxc6 18. Qe2 Rc4 19. a5 b5 20. Rfc1 Rec8
21. Bc5 Rxc1+ 22. Rxc1 a6 23. f3 Nd7 24. e4 Qg5 25. Rc3 Nxc5 26. Qc2 b4 27.
Rxc5 Rxc5 28. dxc5 Qe3+ 29. Kf1 b3 30. Qb2 Qd3+ 31. Ke1 Qb5 32. c6 Qxa5+ 33.
Kd1 Qb6 34. c7 Qxc7 35. Qxb3 Qxh2 0-1

[Event "Liberec Open 2018"]
[Site "Liberec CZE"]
[Date "2018.02.27"]
[Round "4.2"]
[White "Chakravarthi Reddy, M."]
[Black "Gurack, Daniel"]
[Result "1-0"]
[WhiteElo "2380"]
[BlackElo "2084"]
[PlyCount "91"]
[EventDate "2018.02.24"]
[EventCountry "CZE"]
[SourceTitle "Ajedrez en Madrid"]
[Source "lmi"]
[SourceDate "2018.02.24"]

1. d4 e6 2. c4 d5 3. Nf3 Nf6 4. Nc3 Be7 5. Bg5 Nbd7 6. cxd5 exd5 7. e3 c6 8.
Qc2 O-O 9. Bd3 Re8 10. h3 Nf8 11. g4 Ne4 12. Bxe4 Bxg5 13. Bd3 Be7 14. O-O-O a6
15. Kb1 Bb4 16. Ne2 Bd6 17. Rc1 Qf6 18. Nd2 Qxf2 19. e4 Bb4 20. e5 Bxd2 21.
Qxd2 Qh4 22. Rcf1 Ne6 23. Rf5 Nf8 24. Rh5 Qf2 25. Qc1 Qf3 26. Kc2 Be6 27. Rf1
Qg2 28. Qe1 g6 29. Rh4 c5 30. Rf2 Qxf2 31. Qxf2 c4 32. Bf5 Rad8 33. Bxe6 Nxe6
34. Qe3 Nf8 35. g5 Re7 36. Rf4 Ne6 37. Rf6 Red7 38. h4 Ng7 39. Nf4 Ne8 40. e6
fxe6 41. Rxe6 Ng7 42. Re7 Rd6 43. Rxg7+ Kxg7 44. Ne6+ Kf7 45. Nxd8+ Rxd8 46.
Qf4+ 1-0

[Event "Liberec Open 2018"]
[Site "Liberec CZE"]
[Date "2018.02.27"]
[Round "4.3"]
[White "Jedynak, Radoslaw"]
[Black "Saglam, Buelent"]
[Result "1-0"]
[WhiteElo "2342"]
[BlackElo "2083"]
[PlyCount "55"]
[EventDate "2018.02.24"]
[EventCountry "CZE"]
[SourceTitle "Ajedrez en Madrid"]
[Source "lmi"]
[SourceDate "2018.02.24"]

1. d4 e6 2. c4 f5 3. g3 Nf6 4. Bg2 d5 5. Nh3 Be7 6. O-O O-O 7. b3 c6 8. Bb2 Ne4
9. f3 Ng5 10. Nf4 Nf7 11. e4 g5 12. Nh5 Nh8 13. exf5 Qe8 14. f4 Rxf5 15. g4 Rf7
16. f5 exf5 17. cxd5 fxg4 18. Re1 Qf8 19. dxc6 bxc6 20. d5 cxd5 21. Qxd5 Bb7
22. Qxb7 Bc5+ 23. Kh1 Rxb7 24. Bd5+ Qf7 25. Re8+ Bf8 26. Nf6+ Kg7 27. Nxg4+ Kg6
28. Ne5+ 1-0

[Event "Liberec Open 2018"]
[Site "Liberec CZE"]
[Date "2018.02.27"]
[Round "4.4"]
[White "Parligras, Cosmin"]
[Black "Miozga, Tomasz"]
[Result "1-0"]
[WhiteElo "2214"]
[BlackElo "1976"]
[PlyCount "79"]
[EventDate "2018.02.24"]
[EventCountry "CZE"]
[SourceTitle "Ajedrez en Madrid"]
[Source "lmi"]
[SourceDate "2018.02.24"]

1. Nf3 d5 2. d4 Nf6 3. g3 Bf5 4. Bg2 h6 5. c4 c6 6. cxd5 cxd5 7. Qb3 Qb6 8.
Qxb6 axb6 9. Nc3 e6 10. O-O Be7 11. Nb5 O-O 12. Bf4 Na6 13. Bd6 Bxd6 14. Nxd6
Rfd8 15. Nxf5 exf5 16. Ne5 Nb4 17. a3 Nc6 18. e3 Rac8 19. Nd3 Ne4 20. Rac1 Ne7
21. Rxc8 Rxc8 22. Nb4 Kf8 23. Rd1 Ke8 24. Kf1 Rc7 25. g4 g6 26. gxf5 gxf5 27.
Ke2 Kd7 28. Bxe4 fxe4 29. f3 exf3+ 30. Kxf3 Ke6 31. Rg1 Rc4 32. Ke2 Rc8 33. Kd3
Rg8 34. Rxg8 Nxg8 35. e4 dxe4+ 36. Kxe4 Nf6+ 37. Kf4 Nh5+ 38. Kg4 Nf6+ 39. Kf3
Nd5 40. Nd3 1-0

[Event "Liberec Open 2018"]
[Site "Liberec CZE"]
[Date "2018.02.27"]
[Round "4.5"]
[White "Bradac, Daniel"]
[Black "Kucera, Petr"]
[Result "1-0"]
[WhiteElo "2011"]
[BlackElo "2236"]
[PlyCount "75"]
[EventDate "2018.02.24"]
[EventCountry "CZE"]
[SourceTitle "Ajedrez en Madrid"]
[Source "lmi"]
[SourceDate "2018.02.24"]

1. e4 d5 2. exd5 Nf6 3. d4 Nxd5 4. c4 Nb6 5. Nf3 Bg4 6. Be2 Nc6 7. Be3 e6 8. h3
Bh5 9. O-O Be7 10. Nc3 O-O 11. a3 Bxf3 12. Bxf3 Nxc4 13. Qe2 Nd6 14. Rfd1 Nb8
15. b4 Nd7 16. Na4 Nf6 17. Bg5 h6 18. Bh4 c6 19. Nc5 Nd5 20. Bxe7 Qxe7 21. Rac1
Rac8 22. b5 Qg5 23. bxc6 Rxc6 24. Nxe6 fxe6 25. Qxe6+ Nf7 26. Rxc6 bxc6 27.
Qxc6 Rd8 28. Re1 Nf6 29. Re7 Rxd4 30. Rxa7 Ne5 31. Ra8+ Kh7 32. Qc2+ Qg6 33.
Qe2 Nxf3+ 34. Qxf3 Qb1+ 35. Kh2 Rd1 36. g3 Qc2 37. Ra7 Kg6 38. h4 1-0

[Event "Liberec Open 2018"]
[Site "Liberec CZE"]
[Date "2018.02.27"]
[Round "4.6"]
[White "Grzesik, Norbert"]
[Black "Moravec, Vit"]
[Result "1/2-1/2"]
[WhiteElo "1996"]
[BlackElo "2211"]
[PlyCount "51"]
[EventDate "2018.02.24"]
[EventCountry "CZE"]
[SourceTitle "Ajedrez en Madrid"]
[Source "lmi"]
[SourceDate "2018.02.24"]

1. e4 c5 2. Nf3 d6 3. d4 cxd4 4. Nxd4 Nf6 5. Nc3 g6 6. f3 Bg7 7. Be3 O-O 8. g4
Nc6 9. Qd2 Be6 10. Nxe6 fxe6 11. O-O-O Ne5 12. Be2 Rc8 13. Kb1 Nc4 14. Bxc4
Rxc4 15. Nb5 Nd7 16. Nd4 Bxd4 17. Bxd4 Ra4 18. h4 e5 19. Bc3 Rxf3 20. h5 Qf8
21. hxg6 hxg6 22. b3 Ra6 23. Qd5+ Qf7 24. Qxb7 Nc5 25. Qa8+ Qf8 26. Qd5+
1/2-1/2

[Event "Liberec Open 2018"]
[Site "Liberec CZE"]
[Date "2018.02.27"]
[Round "4.7"]
[White "Dzubasz, Tino"]
[Black "Balinski, Damian"]
[Result "0-1"]
[WhiteElo "2080"]
[BlackElo "2164"]
[PlyCount "60"]
[EventDate "2018.02.24"]
[EventCountry "CZE"]
[SourceTitle "Ajedrez en Madrid"]
[Source "lmi"]
[SourceDate "2018.02.24"]

1. Nf3 Nf6 2. g3 g6 3. Bg2 Bg7 4. d4 d6 5. O-O O-O 6. c4 c6 7. Nc3 Qa5 8. e4
Bg4 9. h3 Bxf3 10. Qxf3 Nfd7 11. Rd1 c5 12. Nd5 Nc6 13. dxc5 Nxc5 14. b4 Qd8
15. bxc5 Bxa1 16. cxd6 exd6 17. Bh6 Bg7 18. Bxg7 Kxg7 19. Qc3+ f6 20. f4 Rc8
21. g4 Kg8 22. Bf1 h6 23. Bd3 g5 24. Rf1 gxf4 25. Nxf4 Qb6+ 26. Kh1 Qe3 27. c5
Ne5 28. Qb3+ Rf7 29. Bc2 Qxc5 30. Nd5 Qxc2 0-1

[Event "Liberec Open 2018"]
[Site "Liberec CZE"]
[Date "2018.02.27"]
[Round "4.8"]
[White "Dzikowski, Michal"]
[Black "Zeleny, Tomas"]
[Result "1-0"]
[WhiteElo "2158"]
[BlackElo "1752"]
[PlyCount "81"]
[EventDate "2018.02.24"]
[EventCountry "CZE"]
[SourceTitle "Ajedrez en Madrid"]
[Source "lmi"]
[SourceDate "2018.02.24"]

1. d4 d5 2. Nf3 Nf6 3. c4 c6 4. e3 a6 5. Bd3 Bg4 6. Nbd2 e6 7. Qb3 b5 8. cxb5
cxb5 9. Ne5 Bd6 10. e4 Bxe5 11. dxe5 Nfd7 12. Qc3 d4 13. Qxd4 Nc6 14. Qe3 Ndxe5
15. Bb1 Rc8 16. O-O Qd4 17. Nb3 Qxe3 18. Bxe3 Be2 19. Re1 Bc4 20. f4 Nd7 21.
Nc1 e5 22. g3 f6 23. b3 Bf7 24. a4 b4 25. Bd3 Na5 26. Bxa6 Rc3 27. Bd2 Rc2 28.
Rd1 Nxb3 29. Nxb3 Bxb3 30. Bxb4 Bc4 31. Bb7 Rb2 32. Rab1 Rxb1 33. Rxb1 Kf7 34.
Rd1 Nb6 35. a5 Na4 36. f5 Bb5 37. a6 Bxa6 38. Bxa6 Rb8 39. Rd7+ Ke8 40. Rb7 Ra8
41. Bb5+ 1-0

[Event "Liberec Open 2018"]
[Site "Liberec CZE"]
[Date "2018.02.27"]
[Round "4.9"]
[White "Certek, Pavel"]
[Black "Skurniak, Szymon"]
[Result "1-0"]
[WhiteElo "2256"]
[BlackElo "1732"]
[PlyCount "61"]
[EventDate "2018.02.24"]
[EventCountry "CZE"]
[SourceTitle "Ajedrez en Madrid"]
[Source "lmi"]
[SourceDate "2018.02.24"]

1. d4 Nf6 2. c4 c5 3. e3 g6 4. Nc3 Bg7 5. Nf3 O-O 6. Be2 cxd4 7. Nxd4 Nc6 8.
O-O d6 9. b3 Nxd4 10. exd4 d5 11. Bb2 b6 12. Qd2 Bb7 13. a4 dxc4 14. bxc4 Rc8
15. Rfd1 Ne8 16. Nb5 a6 17. Na3 Nd6 18. Qb4 e6 19. Bf1 Ne4 20. f3 Nf6 21. Bc1
Qc7 22. Rb1 Nd7 23. Be3 Rfd8 24. a5 Bf8 25. axb6 Qc6 26. Qa5 h5 27. c5 Ra8 28.
Nc4 Qd5 29. Qe1 Be7 30. Na5 h4 31. Bc4 1-0

[Event "Liberec Open 2018"]
[Site "Liberec CZE"]
[Date "2018.02.27"]
[Round "4.10"]
[White "Bednar, Marcel"]
[Black "Kotva, Milan"]
[Result "1-0"]
[WhiteElo "2246"]
[BlackElo "1931"]
[PlyCount "93"]
[EventDate "2018.02.24"]
[EventCountry "CZE"]
[SourceTitle "Ajedrez en Madrid"]
[Source "lmi"]
[SourceDate "2018.02.24"]

1. d4 d5 2. Nf3 Nf6 3. c4 c6 4. Nc3 e6 5. Bg5 Be7 6. Qc2 a6 7. e3 b5 8. c5 a5
9. a4 b4 10. Na2 Ne4 11. Bxe7 Qxe7 12. Bd3 f5 13. Ne5 O-O 14. Nc1 Qc7 15. f3
Nf6 16. g4 Nbd7 17. g5 Nxe5 18. dxe5 Nd7 19. f4 Qa7 20. Nb3 Ba6 21. Rc1 Bxd3
22. Qxd3 Qa6 23. Qd1 Qa7 24. Nd4 Nxc5 25. Qc2 Ne4 26. Qxc6 Rfe8 27. h4 Qe7 28.
Rh2 b3 29. Kd1 Rab8 30. h5 Nxg5 31. fxg5 Qxg5 32. Ke2 Qg4+ 33. Nf3 f4 34. Rg1
Qf5 35. Qc7 Qc2+ 36. Qxc2 bxc2 37. exf4 Rxb2 38. Rc1 Rc8 39. Nd4 Ra2 40. Nxe6
Rxa4 41. Kd2 g6 42. hxg6 hxg6 43. Kd3 Rc6 44. Ng5 Rxf4 45. Rch1 Kf8 46. Rh8+
Ke7 47. R1h7+ 1-0

[Event "Liberec Open 2018"]
[Site "Liberec CZE"]
[Date "2018.02.27"]
[Round "4.11"]
[White "Pawicka, Magdalena"]
[Black "Domanski, Lukasz"]
[Result "0-1"]
[WhiteElo "1807"]
[BlackElo "2007"]
[PlyCount "80"]
[EventDate "2018.02.24"]
[EventCountry "CZE"]
[SourceTitle "Ajedrez en Madrid"]
[Source "lmi"]
[SourceDate "2018.02.24"]

1. e4 e5 2. Nf3 Nc6 3. Bc4 Nf6 4. d3 h6 5. c3 d6 6. Nbd2 g6 7. Bb3 Bg7 8. O-O
O-O 9. Re1 Nh5 10. Nf1 Qf6 11. Ne3 Nf4 12. Nd5 Nxd5 13. Bxd5 Nd8 14. Be3 Bg4
15. h3 Bxf3 16. Qxf3 Qxf3 17. gxf3 c6 18. Bb3 Ne6 19. Kg2 Kh7 20. Rad1 c5 21.
Bxe6 fxe6 22. d4 exd4 23. cxd4 c4 24. f4 d5 25. e5 h5 26. Kg3 Bh6 27. Rc1 Rf7
28. b3 b5 29. bxc4 bxc4 30. Rc3 Raf8 31. Ra3 Bxf4+ 32. Bxf4 Rxf4 33. Rxa7+ Kh6
34. Re2 Rxd4 35. Re7 c3 36. Rxe6 Rd2 37. Re1 Rdxf2 38. Rd6 R8f3+ 39. Kh4 Rf4+
40. Kg3 h4# 0-1

[Event "Liberec Open 2018"]
[Site "Liberec CZE"]
[Date "2018.02.27"]
[Round "4.12"]
[White "Svergina, Sofya"]
[Black "Polansky, Adam Lubos"]
[Result "1-0"]
[WhiteElo "1529"]
[BlackElo "1949"]
[PlyCount "33"]
[EventDate "2018.02.24"]
[EventCountry "CZE"]
[SourceTitle "Ajedrez en Madrid"]
[Source "lmi"]
[SourceDate "2018.02.24"]

1. e4 c6 2. d4 d5 3. Nc3 dxe4 4. Nxe4 Nf6 5. Nxf6+ exf6 6. Nf3 Bg4 7. Be2 Bd6
8. h3 Bh5 9. O-O O-O 10. Be3 Nd7 11. Nh4 Bxe2 12. Qxe2 Qa5 13. Qg4 g6 14. Qxd7
Qd5 15. Qg4 g5 16. Nf5 h5 17. Qf3 1-0

[Event "Liberec Open 2018"]
[Site "Liberec CZE"]
[Date "2018.02.27"]
[Round "4.13"]
[White "Shanmukha Pulli"]
[Black "Cakl, Zdenek"]
[Result "1/2-1/2"]
[WhiteElo "1654"]
[BlackElo "2064"]
[PlyCount "46"]
[EventDate "2018.02.24"]
[EventCountry "CZE"]
[SourceTitle "Ajedrez en Madrid"]
[Source "lmi"]
[SourceDate "2018.02.24"]

1. d4 d5 2. Bf4 e6 3. e3 f5 4. Nd2 Nf6 5. Bd3 Bd6 6. Bg3 O-O 7. Ngf3 Ne4 8. Qe2
Nd7 9. c3 Qe7 10. Be5 c5 11. Bxd6 Qxd6 12. O-O b6 13. Rad1 Bb7 14. Bb5 Bc6 15.
Bxc6 Qxc6 16. Nxe4 fxe4 17. Nd2 e5 18. f3 cxd4 19. exd4 exd4 20. cxd4 Qa4 21.
Qe3 exf3 22. Qe6+ Kh8 23. Nxf3 Rae8 1/2-1/2

[Event "Liberec Open 2018"]
[Site "Liberec CZE"]
[Date "2018.02.27"]
[Round "4.14"]
[White "Czarniecka, Aleksandra"]
[Black "Veselsky, Jan"]
[Result "1-0"]
[WhiteElo "1964"]
[BlackElo "1657"]
[PlyCount "59"]
[EventDate "2018.02.24"]
[EventCountry "CZE"]
[SourceTitle "Ajedrez en Madrid"]
[Source "lmi"]
[SourceDate "2018.02.24"]

1. e4 c6 2. d4 d5 3. Nc3 dxe4 4. Nxe4 Bf5 5. Ng3 Bg6 6. h4 h6 7. Nf3 Nd7 8. h5
Bh7 9. Bd3 Bxd3 10. Qxd3 e6 11. Bf4 Qa5+ 12. Bd2 Qc7 13. O-O-O Ngf6 14. Ne4
Nxe4 15. Qxe4 Nf6 16. Qe2 O-O-O 17. g3 Bd6 18. Kb1 Rhe8 19. Ne5 c5 20. c3 Nd5
21. c4 cxd4 22. cxd5 Bxe5 23. Rc1 exd5 24. Rxc7+ Bxc7 25. Qg4+ Rd7 26. Qxd4 Kb8
27. Be3 Bb6 28. Qf4+ Bc7 29. Qa4 Rxe3 30. Qxd7 1-0

[Event "Liberec Open 2018"]
[Site "Liberec CZE"]
[Date "2018.02.27"]
[Round "4.15"]
[White "Haag, Guenter"]
[Black "Habenicht, Martin"]
[Result "1-0"]
[WhiteElo "1948"]
[BlackElo "1640"]
[PlyCount "81"]
[EventDate "2018.02.24"]
[EventCountry "CZE"]
[SourceTitle "Ajedrez en Madrid"]
[Source "lmi"]
[SourceDate "2018.02.24"]

1. e4 d5 2. Nc3 d4 3. Nce2 c5 4. Ng3 Nc6 5. Bc4 Nf6 6. Nf3 e6 7. d3 Bd6 8. c3
Bd7 9. Qe2 Qc7 10. Bd2 Ne5 11. cxd4 Nxf3+ 12. Qxf3 cxd4 13. O-O Bc6 14. Rfc1
Nd7 15. Bb5 Qb6 16. Bxc6 bxc6 17. Rab1 Rc8 18. b4 Qb5 19. Rb3 Qa4 20. Qd1 O-O
21. Rc2 Rb8 22. Qc1 Rfc8 23. Ra3 Qb5 24. Rc4 Qb6 25. f4 c5 26. e5 Bf8 27. bxc5
Nxc5 28. Ne4 Qb1 29. Nxc5 Bxc5 30. Rb3 Rxb3 31. axb3 Qxb3 32. Bb4 Bf8 33. Rxc8
Qxb4 34. Rc4 Qb6 35. h3 h6 36. Rc8 Qb5 37. Qa3 Qb1+ 38. Kh2 Qf1 39. Qxf8+ Kh7
40. Qxf7 Qxd3 41. Rg8 1-0

[Event "Liberec Open 2018"]
[Site "Liberec CZE"]
[Date "2018.02.27"]
[Round "4.16"]
[White "Koubova, Anna Marie"]
[Black "Krueger, Thomas"]
[Result "1-0"]
[WhiteElo "1945"]
[BlackElo "1593"]
[PlyCount "29"]
[EventDate "2018.02.24"]
[EventCountry "CZE"]
[SourceTitle "Ajedrez en Madrid"]
[Source "lmi"]
[SourceDate "2018.02.24"]

1. d4 Nf6 2. c4 e6 3. g3 c5 4. d5 d6 5. Nc3 e5 6. Bg2 Be7 7. e4 O-O 8. Nf3 Ne8
9. O-O g6 10. Bh6 Ng7 11. Qd2 f5 12. exf5 Bxf5 13. Ng5 Bxg5 14. Bxg5 Qc8 15.
Be7 1-0

[Event "Liberec Open 2018"]
[Site "Liberec CZE"]
[Date "2018.02.27"]
[Round "4.17"]
[White "Wietschke, Rolf"]
[Black "Bruna, Matous"]
[Result "1/2-1/2"]
[WhiteElo "1930"]
[BlackElo "1397"]
[PlyCount "39"]
[EventDate "2018.02.24"]
[EventCountry "CZE"]
[SourceTitle "Ajedrez en Madrid"]
[Source "lmi"]
[SourceDate "2018.02.24"]

1. Nf3 d5 2. g3 Nf6 3. Bg2 g6 4. d4 Bg7 5. c4 e6 6. O-O O-O 7. Nc3 c6 8. b3
Nbd7 9. Bb2 Qe7 10. Re1 Ne4 11. Nxe4 dxe4 12. Ne5 f5 13. f4 Nxe5 14. dxe5 Rd8
15. Qc2 c5 16. Rad1 b6 17. Rxd8+ Qxd8 18. Rd1 Qe7 19. Qd2 Bb7 20. e3 1/2-1/2

[Event "Liberec Open 2018"]
[Site "Liberec CZE"]
[Date "2018.02.27"]
[Round "4.19"]
[White "Mezykowska, Emilia"]
[Black "Jina, Lubos"]
[Result "1-0"]
[WhiteElo "1260"]
[BlackElo "1702"]
[PlyCount "131"]
[EventDate "2018.02.24"]
[EventCountry "CZE"]
[SourceTitle "Ajedrez en Madrid"]
[Source "lmi"]
[SourceDate "2018.02.24"]

1. e4 c5 2. Nf3 Nc6 3. c3 e6 4. d4 cxd4 5. cxd4 Bb4+ 6. Nc3 Nf6 7. Bd3 h6 8.
O-O d5 9. e5 Nd7 10. Bf4 a6 11. h3 f5 12. exf6 Qxf6 13. Be3 O-O 14. Bc2 Re8 15.
Qd3 Nf8 16. Rac1 Bd6 17. Nh2 Nb4 18. Ng4 Qh4 19. Qd2 Nxc2 20. Rxc2 Bd7 21. Bf4
Bxf4 22. Qxf4 Ng6 23. Qe3 Rac8 24. Rfc1 Rf8 25. Ne5 Nxe5 26. Qxe5 Rce8 27. Re1
Bc6 28. Re3 Rf5 29. Qd6 Qxd4 30. Rxe6 Ref8 31. Ree2 Kh8 32. Rcd2 Qh4 33. Qc5
Qg5 34. Nxd5 Rd8 35. f4 Qh4 36. Qe7 Qxe7 37. Nxe7 Rxd2 38. Rxd2 Rc5 39. Nxc6
Rxc6 40. Rd7 b5 41. Kh2 Rc4 42. Kg3 Ra4 43. a3 b4 44. Rd4 a5 45. axb4 Ra2 46.
bxa5 Rxa5 47. Rd8+ Kh7 48. Rd1 Rb5 49. Rb1 Rb3+ 50. Kh4 Kg6 51. g4 Kf6 52. f5
Kf7 53. g5 hxg5+ 54. Kxg5 Rxh3 55. b4 Rg3+ 56. Kf4 Rd3 57. b5 Kf6 58. b6 Rd4+
59. Ke3 Rd8 60. b7 Rb8 61. Kf4 Ke7 62. Kg5 Kf7 63. Rb6 Kg8 64. Kg6 Kf8 65. Rb5
Kg8 66. Rc5 1-0

[Event "Liberec Open 2018"]
[Site "Liberec CZE"]
[Date "2018.02.27"]
[Round "4.20"]
[White "Brych, Tomas"]
[Black "Mraz, Pavel"]
[Result "1/2-1/2"]
[WhiteElo "1447"]
[BlackElo "1597"]
[PlyCount "34"]
[EventDate "2018.02.24"]
[EventCountry "CZE"]
[SourceTitle "Ajedrez en Madrid"]
[Source "lmi"]
[SourceDate "2018.02.24"]

1. d4 d5 2. Nf3 Nf6 3. Nc3 e6 4. g3 c6 5. Bg2 Bd6 6. O-O O-O 7. Re1 Nbd7 8. e4
dxe4 9. Nxe4 Nxe4 10. Rxe4 Be7 11. c3 Nf6 12. Re1 Qb6 13. Qc2 c5 14. dxc5 Bxc5
15. Be3 Bxe3 16. Rxe3 Bd7 17. Ne5 Rfd8 1/2-1/2

[Event "Liberec Open 2018"]
[Site "Liberec CZE"]
[Date "2018.02.27"]
[Round "5.1"]
[White "Plischki, Sebastian"]
[Black "Jedynak, Radoslaw"]
[Result "1/2-1/2"]
[WhiteElo "2400"]
[BlackElo "2342"]
[PlyCount "34"]
[EventDate "2018.02.24"]
[EventCountry "CZE"]
[SourceTitle "Ajedrez en Madrid"]
[Source "lmi"]
[SourceDate "2018.02.24"]

1. d4 d5 2. c4 dxc4 3. Nf3 Nf6 4. e3 e6 5. Bxc4 a6 6. O-O c5 7. b3 cxd4 8. Nxd4
Be7 9. Bb2 Bd7 10. Nd2 Nc6 11. Be2 O-O 12. Nc4 b5 13. Nxc6 Bxc6 14. Ne5 Bb7 15.
Bf3 Qxd1 16. Rfxd1 Bxf3 17. gxf3 Rac8 1/2-1/2

[Event "Liberec Open 2018"]
[Site "Liberec CZE"]
[Date "2018.02.27"]
[Round "5.2"]
[White "Parligras, Cosmin"]
[Black "Chakravarthi Reddy, M."]
[Result "1/2-1/2"]
[WhiteElo "2214"]
[BlackElo "2380"]
[PlyCount "44"]
[EventDate "2018.02.24"]
[EventCountry "CZE"]
[SourceTitle "Ajedrez en Madrid"]
[Source "lmi"]
[SourceDate "2018.02.24"]

1. Nf3 d5 2. d4 Nf6 3. c4 c6 4. Nc3 a6 5. e3 Bf5 6. Bd3 Bxd3 7. Qxd3 e6 8. O-O
Bb4 9. Bd2 Bxc3 10. Bxc3 O-O 11. Nd2 Nbd7 12. Bb4 Re8 13. Bd6 Rc8 14. Rac1 dxc4
15. Qxc4 c5 16. dxc5 Nxc5 17. Bxc5 Qxd2 18. Bb4 Rxc4 19. Bxd2 Rec8 20. Rxc4
Rxc4 21. Rc1 Rxc1+ 22. Bxc1 Kf8 1/2-1/2

[Event "Liberec Open 2018"]
[Site "Liberec CZE"]
[Date "2018.02.27"]
[Round "5.3"]
[White "Balinski, Damian"]
[Black "Dzikowski, Michal"]
[Result "1/2-1/2"]
[WhiteElo "2164"]
[BlackElo "2158"]
[PlyCount "93"]
[EventDate "2018.02.24"]
[EventCountry "CZE"]
[SourceTitle "Ajedrez en Madrid"]
[Source "lmi"]
[SourceDate "2018.02.24"]

1. d4 Nf6 2. c4 Nc6 3. Nf3 e6 4. a3 d5 5. Nc3 Be7 6. Bg5 O-O 7. e3 Ne8 8. Bxe7
Nxe7 9. c5 f6 10. Bd3 b6 11. b4 a5 12. Qb1 g6 13. O-O c6 14. Na4 bxc5 15. bxc5
Ba6 16. Nb6 Bxd3 17. Qxd3 Ra7 18. Rab1 Nc7 19. Rb3 Nc8 20. Na4 Nb5 21. Nc3 Nxc3
22. Qxc3 Qc7 23. Rfb1 Ne7 24. Qb2 Rfa8 25. Rb8+ Rxb8 26. Qxb8+ Qxb8 27. Rxb8+
Kf7 28. Kf1 h5 29. Ke2 g5 30. Kd3 g4 31. Nd2 e5 32. Nb1 Ke6 33. Nc3 h4 34. g3
hxg3 35. hxg3 f5 36. Na4 f4 37. exf4 exf4 38. gxf4 Ng6 39. Rc8 Kf5 40. Rxc6
Nxf4+ 41. Kd2 Rh7 42. Rc8 Rh2 43. Rf8+ Kg5 44. Rg8+ Kf5 45. Rf8+ Kg5 46. Rg8+
Kf5 47. Rf8+ 1/2-1/2